| 000 | 00844nam a2200253Ia 4500 | ||
|---|---|---|---|
| 001 | Para_7271 | ||
| 008 | 220602s9999 xx 000 0 und d | ||
| 020 | _aM/BAJA | ||
| 082 | _aPA-C 636.5 B86 | ||
| 100 |
_aBerry, L.N. _9185020 |
||
| 245 | _aTurkey raising under conditions of semi-confinement / by L.N. Berry | ||
| 260 | _aState College, N.M.: New México. College of Agriculture and Mechanic arts. Agricultural Experiment Station | ||
| 300 | _a15 p. | ||
| 440 |
_aBulletin; 208 _9185021 |
||
| 500 | _aEncuadernado con otros impresos similares | ||
| 650 | _a1. Avicultura - colecciones de escritos | ||
| 650 | _aPavos - reproducción | ||
| 650 | _aPavos - alimentaciónÌ | ||
| 901 | _aPA-C 636.5 B86 | ||
| 902 | _aM | ||
| 905 | _a0000001933 a 0000000000 00 | ||
| 942 | _c1 | ||
| 999 |
_c217210 _d217210 |
||